00660nam a2200241 a 4500001001300000003000900013005001700022008004100039020000800080082001500088100001800103245002600121260003700147300000800184500003500192505001000227650002200237700001800259902000800277942000700285952011100292999001500403nice12345678IN_TiNIC20260116011755.0050524s1961 lona grp 000 0 eng  ac000a234.2bDAK aDakin, Arthur aProblem of Suffering. aLondonbKingsgate Pamphletc1961 a14p aincludes index and biblioraphy2 aIndex aPain-Christianity1 aDakin, Arthur bSRS cBK 001040708StackRoom-aHMIbHMId2005-05-24g0.00l0o234.2 DAKp05536r2005-05-24v0.00w2005-05-24yBK c3861d3861